[Event "RUS Cup op"]
[Site "Dombai"]
[Date "2013.10.25"]
[Round "8"]
[White "Sarana, Alexey"]
[Black "Ostrikov, Gleb"]
[Result "1-0"]
[WhiteElo "2261"]
[BlackElo "2050"]
[PlyCount "63"]
[EventDate "2013.10.18"]
[EventType "swiss"]
[EventRounds "9"]
[EventCountry "RUS"]
[SourceTitle "EXT 2015"]
[Source "ChessBase"]
[SourceDate "2014.11.20"]
[SourceVersion "1"]
[SourceVersionDate "2014.11.20"]
[SourceQuality "1"]

1. e4 e6 2. d4 d5 3. Nc3 c6 4. Nf3 f5 5. e5 c5 6. Ne2 Nc6 7. c3 Bd7 8. Be3 Qc7 9. a3 c4 10. Nf4 Be7 11. Ng5 Bxg5 12. Qh5+ Kf8 13. Qxg5 Qd8 14. h4 Qxg5 15. hxg5 Nge7 16. g4 Kf7 17. Bh3 b5 18. gxf5 exf5 19. Bg2 Be6 20. Kd2 g6 21. Rh6 Nd8 22. a4 Rb8 23. axb5 Rxb5 24. Rxa7 Rxb2+ 25. Kc1 Rb7 26. Ra8 Rb6 27. Kc2 Ke8 28. Bc1 Kd7 29. Ba3 Re8 30. Rxh7 Ndc6 31. Rxe8 Kxe8 32. Nxe6 1-0

[Event "Teberda op 07"]
[Site "Teberda"]
[Date "2013.07.13"]
[Round "5"]
[White "Ostrikov, Gleb"]
[Black "Shandrygin, Nikita"]
[Result "1-0"]
[WhiteElo "2056"]
[BlackElo "1950"]
[PlyCount "51"]
[EventDate "2013.07.09"]
[EventType "swiss"]
[EventRounds "9"]
[EventCountry "RUS"]
[SourceTitle "EXT 2014"]
[Source "ChessBase"]
[SourceDate "2013.11.20"]
[SourceVersion "1"]
[SourceVersionDate "2013.11.20"]
[SourceQuality "1"]

1. d4 d5 2. c4 Nc6 3. e3 e5 4. dxe5 d4 5. exd4 Qxd4 6. Qxd4 Nxd4 7. Bd3 Nc6 8. Bf4 Nb4 9. Be4 f5 10. a3 fxe4 11. axb4 Bxb4+ 12. Bd2 Bc5 13. b4 e3 14. fxe3 Be7 15. Nf3 Nh6 16. Nd4 c6 17. h3 Nf5 18. g4 Ng3 19. Rg1 Ne4 20. b5 Nxd2 21. Nxd2 Kd7 22. Ke2 g6 23. bxc6+ bxc6 24. Ne4 a5 25. Nc3 Bb4 26. Na4 1-0

[Event "Teberda op 07"]
[Site "Teberda"]
[Date "2013.07.12"]
[Round "4"]
[White "Dogariu, Konstantin"]
[Black "Ostrikov, Gleb"]
[Result "1/2-1/2"]
[WhiteElo "1781"]
[BlackElo "2056"]
[PlyCount "109"]
[EventDate "2013.07.09"]
[EventType "swiss"]
[EventRounds "9"]
[EventCountry "RUS"]
[SourceTitle "EXT 2014"]
[Source "ChessBase"]
[SourceDate "2013.11.20"]
[SourceVersion "1"]
[SourceVersionDate "2013.11.20"]
[SourceQuality "1"]

1. d4 c5 2. c3 b6 3. Nf3 Bb7 4. Bf4 Nf6 5. e3 g6 6. Bd3 Bg7 7. Nbd2 0-0 8. 0-0 d6 9. Qe2 Nbd7 10. e4 cxd4 11. cxd4 Rc8 12. Rac1 Rxc1 13. Rxc1 Qa8 14. Bg5 h6 15. Bxf6 Nxf6 16. Rc7 e6 17. Rc3 Rc8 18. Qe1 Rxc3 19. bxc3 Qc8 20. c4 d5 21. cxd5 Qc3 22. Qb1 exd5 23. e5 Ne4 24. Nxe4 dxe4 25. Bxe4 Bxe4 26. Qxe4 Qa1+ 27. Ne1 Qxa2 28. d5 Qa1 29. f4 f6 30. e6 f5 31. Qe2 Qd4+ 32. Kh1 Qe4 33. Qd2 Qd4 34. Qe2 Kf8 35. e7+ Ke8 36. Qe6 Qf6 37. Qc8+ Kxe7 38. Qc7+ Ke8 39. Qxa7 Qa1 40. Qb8+ Kf7 41. Qc7+ Kg8 42. Qd8+ Kh7 43. Qe7 Qd4 44. d6 Qxf4 45. Nf3 Qc1+ 46. Ng1 Qc5 47. Qc7 g5 48. Qd8 Qd4 49. d7 Bf6 50. Qe8 Kg7 51. Qe6 b5 52. Qxf5 b4 53. Qb5 Qd1 54. Qxb4 Qxd7 55. h3 1/2-1/2

[Event "Teberda op 07"]
[Site "Teberda"]
[Date "2013.07.09"]
[Round "1"]
[White "Ostrikov, Gleb"]
[Black "Todua, Anastasia"]
[Result "1-0"]
[WhiteElo "2056"]
[BlackElo "1678"]
[PlyCount "111"]
[EventDate "2013.07.09"]
[EventType "swiss"]
[EventRounds "9"]
[EventCountry "RUS"]
[SourceTitle "EXT 2014"]
[Source "ChessBase"]
[SourceDate "2013.11.20"]
[SourceVersion "1"]
[SourceVersionDate "2013.11.20"]
[SourceQuality "1"]

1. Nf3 Nc6 2. c4 Nf6 3. g3 d5 4. Bg2 Bf5 5. 0-0 e5 6. cxd5 Nxd5 7. Nxe5 Nxe5 8. e4 Bg4 9. Qa4+ Qd7 10. Qxd7+ Kxd7 11. exd5 Be2 12. Re1 Nf3+ 13. Bxf3 Bxf3 14. Nc3 Bc5 15. d3 Rhe8 16. Ne4 Bd4 17. Be3 Bxe4 18. Bxd4 Bxd5 19. Rxe8 Rxe8 20. Bxg7 Re2 21. Bc3 b5 22. Kf1 Rc2 23. a3 c5 24. Re1 b4 25. axb4 cxb4 26. Bxb4 Rxb2 27. Ba3 Ra2 28. Re7+ Kc6 29. Rxa7 Kb6 30. Ra4 Kb5 31. Rb4+ Ka5 32. Rd4 Bf3 33. Bb4+ Kb5 34. Be1 Kc5 35. Rf4 Be2+ 36. Kg2 Bxd3 37. Rxf7 Kd6 38. g4 Ke6 39. Rf4 Ke5 40. Kg3 Bf1 41. Bc3+ Ke6 42. Bd4 Ra3+ 43. Be3 Bd3 44. h4 Ra5 45. h5 Ke7 46. Kh4 Rd5 47. Bd4 Rb5 48. Rf3 Bb1 49. Re3+ Kf7 50. f4 Bc2 51. Rc3 Bb1 52. Rc7+ Ke6 53. f5+ Kd6 54. Rxh7 Rb4 55. Rh6+ Kd7 56. Rb6 1-0